|
|
|
|
| LEADER |
01545nam a2200361 a 4500 |
| 001 |
000443656 |
| 003 |
CZ BrMZK |
| 005 |
20210119151113.0 |
| 007 |
ta |
| 008 |
990315s1999 xr f 0 eng d |
| 015 |
|
|
|a cnb000772440
|
| 020 |
|
|
|a 80-7079-383-X
|
| 035 |
|
|
|a (OCoLC)45022523
|
| 040 |
|
|
|a BOA001
|b cze
|
| 072 |
|
7 |
|a 004
|x Počítačová věda. Výpočetní technika. Informační technologie
|2 Konspekt
|9 23
|
| 080 |
|
|
|a 61
|2 MRF
|
| 080 |
|
|
|a 336.71
|2 MRF
|
| 080 |
|
|
|a 004
|2 MRF
|
| 080 |
|
|
|a (062.534)
|2 MRF
|
| 245 |
0 |
0 |
|a Discovery challenge ;
|b <<a >>collaborative effort in Knowledge : discovery from databases : 3rd European conference on principles and practice of knowledge discovery in databases Prague, September 15-18, 1999edited by Petr Berka.
|
| 246 |
1 |
4 |
|a Workshop notes on discovery challenge
|
| 260 |
|
|
|a Praha :
|b Vysoká škola ekonomická,
|c 1999
|
| 300 |
|
|
|a 64 s. ;
|c 30 cm
|
| 500 |
|
|
|a Určeno pro posl. Fak. informatiky a statistiky. - Bibliogr.
|
| 650 |
0 |
7 |
|a lékařství
|7 ph115195
|x počítačová podpora
|2 czenas
|
| 650 |
0 |
7 |
|a bankovnictví
|7 ph114120
|x počítačová podpora
|2 czenas
|
| 655 |
|
7 |
|a sborníky konferencí
|7 fd133333
|2 czenas
|
| 700 |
1 |
|
|a Berka, Petr,
|d 1959-
|7 jn20001103427
|4 pbl
|
| 710 |
2 |
|
|a Vysoká škola ekonomická v Praze.
|b Fakulta informatiky a statistiky
|7 kn20010709399
|
| 740 |
0 |
2 |
|a <<a >>collaborative effort in Knowledge
|
| 910 |
|
|
|a BOA001
|b 4-1064.506
|
| 990 |
|
|
|a BK
|
| 996 |
6 |
|
|b 2610103255
|c 4-1064.506
|l MZK
|r Sklad / do 1 hodiny
|n 3
|p p.v.
|w 000443656
|u 000010
|a 1
|e BOA001
|j MZK50
|s P
|